000 00597nam a2200181Ia 4500
008 090630s9999 xx 000 0 und d
082 _b22126
100 _aपिंगे रविंद्र.
245 _aजिवलग सारे.
_cपिंगे रविंद्र.
260 _bज्ञानदा.
_c2000
300 _a147
600 _aपिंगे रविंद्र.
630 _aजिवलग सारे.
655 _aचरित्र.
700 _aपिंगे रविंद्र.
730 _aजिवलग सारे.
942 _cBOOK
999 _c273982
_d273982